| 000 | 00450nam a22001577a 4500 | ||
|---|---|---|---|
| 999 |
_c17358 _d17358 |
||
| 008 | 181030b xxu||||| |||| 00| 0 eng d | ||
| 020 | _a1849461375 | ||
| 050 |
_aKZ6471 _b.B53 2011 c.1 |
||
| 100 | _aBianchi, Andrea | ||
| 245 |
_aInternational Humanitarian Law and Terrorism _candrea Bianchi |
||
| 260 |
_aOregon _bOxford _c2011 |
||
| 300 | _axliv, 403p. | ||
| 650 | _aHumanitarian Law | ||
| 650 | _aStudies in International Law | ||
| 942 |
_2lcc _cBK |
||